Countries of the World - Containing "N" - Statistics

General Stats
  • This quiz has been taken 290 times
    214 since last reset
  • The average score is 103 of 115
Answer Stats
Answer % Correct
United Kingdom
98%
United States of America
98%
Iceland
97%
India
97%
Afghanistan
96%
Andorra
96%
Ireland
96%
Canada
95%
Dominican Republic
95%
Finland
95%
Mongolia
95%
Netherlands
95%
Nicaragua
95%
North Macedonia
95%
Norway
95%
Sweden
95%
Turkmenistan
95%
Venezuela
95%
Bhutan
94%
France
94%
Iran
94%
Japan
94%
Kenya
94%
Liechtenstein
94%
New Zealand
94%
Niger
94%
Nigeria
94%
North Korea
94%
Pakistan
94%
Panama
94%
Spain
94%
Switzerland
94%
Indonesia
93%
Namibia
93%
Tajikistan
93%
Vatican City
93%
Yemen
93%
Argentina
92%
Denmark
92%
Germany
92%
Kazakhstan
92%
Lithuania
92%
Oman
92%
Rwanda
92%
Saint Kitts and Nevis
92%
Thailand
92%
Albania
91%
Azerbaijan
91%
Bahrain
91%
Guinea
91%
Jordan
91%
Romania
91%
Senegal
91%
Sudan
91%
Angola
90%
Bosnia and Herzegovina
90%
Honduras
90%
Montenegro
90%
Nepal
90%
Papua New Guinea
90%
Poland
90%
South Sudan
90%
Suriname
90%
United Arab Emirates
90%
Uzbekistan
90%
Antigua and Barbuda
89%
China
89%
Democratic Republic of the Congo
89%
Dominica
89%
Guinea Bissau
89%
Kyrgyzstan
89%
Republic of the Congo
89%
Benin
88%
Brunei
88%
Burundi
88%
Estonia
88%
Hungary
88%
Saint Vincent and the Grenadines
88%
San Marino
88%
Tanzania
88%
Armenia
87%
Bangladesh
87%
Ghana
87%
Lebanon
87%
Nauru
87%
Trinidad and Tobago
87%
Tunisia
87%
Uganda
87%
Vanuatu
87%
Vietnam
87%
Botswana
86%
Central African Republic
86%
Equatorial Guinea
86%
Saint Lucia
86%
Singapore
86%
Slovenia
86%
Sri Lanka
86%
Tonga
86%
Grenada
85%
Solomon Islands
85%
Ukraine
85%
Mauritania
84%
Gabon
83%
Guyana
83%
Monaco
83%
Philippines
83%
Cameroon
81%
Taiwan
81%
Burkina Faso
80%
Federated States of Micronesia
80%
Marshall Islands
80%
Myanmar
79%
Sierra Leone
79%
Eswatini
76%
Sao Tome and Principe
73%
No matching quizzes found
Score Distribution
Percent of People with Each Score
Percentile by Number Answered
Your Score History
You have not taken this quiz since the last reset